00541nam a2200193Ia 450000500170000000800410001702000230005804000190008104100120010008200160011210000170012824500530014525000110019826000310020930000210024050400180026165000580027985000100033720230317104129.0131103s9999 xx 000 0 und d a8172151039cRs.175 aLoreto College aEnglish a891.44bSEN aSen, Sukumar aBangla sahityer itihasb 1801-1880 cSukumar Sen a7th ed aCalcuttabAnaada Pubc1981 aV.3(564p)b ill. aInclude index aBengali Literature - History and Criticism, 1801-1880 aLCLIB